| 000 | 00559nam a2200181 i 4500 | ||
|---|---|---|---|
| 001 | 184739 | ||
| 003 | ES-MaACL | ||
| 005 | 20241215155558.0 | ||
| 008 | 151123s1891 sp |||| | spa d | ||
| 100 | 1 |
_aRavenet, Joaquín. _9158202 |
|
| 245 | 1 | 0 |
_aConfidencias / _cJoaquín Ravenet. |
| 260 |
_aMadrid : _b[s.n.], _c1891 ( _fImp. y fundición de M. Tello) |
||
| 300 |
_a196 p. ; _c17 cm. |
||
| 500 | _aEs el tomo I. | ||
| 852 |
_aES-MaACL _jT-1116-F-2 _z.- Enc. en un vol. facticio conservando la cub. original |
||
| 942 | _2udc | ||
| 999 |
_c184739 _d184739 |
||